00229nam a22000857a 4500008004100000020002100041100001800062245005500080300000800135140417t xxu||||| |||| 00| 0 eng d a 978-0306466762  aM. Rami Reddy aFree Energy Calculations in Rational Drug Design  a394